000 00816nam a2200217Ia 4500
001 9328
003 GE_BSU
008 181216s||||||||xx |||||||||||||| ||und||
040 _cGE_BSU
080 _a621.33
100 _aМаринов,И.А.
245 _aУстроиство и эксплуатация преобразовательных подстанций городского электротранспорта.
245 _bУчеб. пособие.
245 _cРед. М.И.Сорокина.
260 _aМ.
260 _bВысш. школа.
260 _c1968.
300 _a383 стр. с илл.
653 _aУстроиство и эксплуатация преобразовательных подстанций городского электротранспорта.
942 _cBK
999 _c42624
_d42624